000 00504nam a22001697a 4500
005 20260420131112.0
008 260420b |||||||| |||| 00| 0 eng d
020 _a9780139382352
050 _aBL65.C8
_b.R427
100 _aSaupin Raymond editor
245 _aReligion and Culture
_bAn anthropological focus
_cedited by Saupin Raymond
260 _aNew Jersey
_bPrentice hall
_cc2000
300 _avii,450p,,,,,,,,,,
500 _aIncludes index
700 _aSaupin Raymond
_eeditor
942 _2lcc
_cBK
_n0
999 _c9282
_d9282